000
00339 a2200157 4500
001
44160
020
_a
8588038072
040
_c
Anchieta - Aquarius
100
_a
Araújo, Rose
240
1
0
_a
Simplesmente Lis
_l
por
245
1
0
_a
Simplesmente Lis
300
_a
28
362
0
_a
2002
650
4
_a
Literatura infanto-juvenil
942
_c
BK
999
_c
44160
_d
44160